000 01024naa a22002777a 4500
001 BR9403107
003 BR-BrBNA
005 20240918181208.0
007 ta
008 230509b bl.||||| |||| 00| 0 por d
040 _aBR-BrBNA
_bpor
_cBiblioteca Nacional de Agricultura
041 _a(Pt)
072 _aL10
_b5240
090 _aL10 BR9403107
100 1 _aRey, R.W.P.
111 1 _a2. Jornada Tecnica de Producao Ovina no RS
_cSanta Maria, RS (Brazil)
_d13-14 Aug 1981
245 1 _aMelhoramento genetico em ovinos com especial referencia da situacao na Australia
260 3 _aSanta Maria, RS (Brasil):
_c1981.
500 _aAnais 2. Jornada Tecnica de Producao Ovina no RS Santa Maria, RS (Brasil): 1981. p. 15-23 (BR9403107-AM)L10
650 _aOvino
650 _aMelhoramento Genetico Animal
650 _aAustralia
773 0 _tAnais 2. Jornada Tecnica de Producao Ovina no RS
_wL10 BR9403107
_gSanta Maria, RS (Brasil), 1981. p. 15-23
909 _a202404
_bLucia
_c55
_dLucia Elande
942 _cAM
_2AGRIS
999 _c324052
_d324052